书目信息 |
| 题名: |
电视记录片论语
|
|
| 作者: | 高峰 , 肖平 著 | |
| 分册: | ||
| 出版信息: | 北京 中国国际广播出版社 1999 |
|
| 页数: | 380页 | |
| 开本: | 20cm | |
| 丛书名: | ||
| 单 册: | ||
| 中图分类: | J952 | |
| 科图分类: | ||
| 主题词: | 电视影片--按内容分的 , 影片--按内容分的 , 电影影版--按内容分的 | |
| 电子资源: | ||
| ISBN: | 7-5078-1728-8 | |
| 000 | 00635nam0 2200217 450 | |
| 001 | 0735592734 | |
| 005 | 20070906095312.73 | |
| 010 | @a7-5078-1728-8@d¥24.00 | |
| 100 | @a20070906d km y0chiy0120 ea | |
| 101 | 0 | @achi |
| 200 | 1 | @a电视记录片论语@Adian shi ji lu pian lun yu@f高峰,肖平著@Fgao feng,xiao ping zhu |
| 210 | @a北京@c中国国际广播出版社@d1999 | |
| 215 | @a380页@d20cm | |
| 606 | 0 | @a电视影片@x按内容分的 |
| 606 | 0 | @a影片@x按内容分的 |
| 606 | 0 | @a电影影版@x按内容分的 |
| 690 | @aJ952@v3 | |
| 701 | 0 | @a高峰@Agao feng@4著 |
| 701 | 0 | @a肖平@Axiao ping@4著 |
| 801 | 0 | @aCN@bPFT@c20070906 |
| 905 | @a213230@dJ952@eP38@f1 | |
| 电视记录片论语/高峰,肖平著.-北京:中国国际广播出版社,1999 |
| 380页;20cm |
| ISBN 7-5078-1728-8:¥24.00 |
| ● |
| 相关链接 |
|
|
|
|
正题名:电视记录片论语
索取号:J952/P38
 
预约/预借
| 序号 | 登录号 | 条形码 | 馆藏地/架位号 | 状态 | 备注 |
| 1 | 7200144 | 272001442 | 密集书库-物理学院/ [索取号:J952/P38] | 在馆 |